Comparative reading : an international bibliography /

Bibliographic Details
Main Author: Hladczuk, John
Other Authors: Eller, William
Format: Book
Language:English
Published: New York : Greenwood Press, 1987.
Series:Bibliographies and indexes in education ; no. 4.
Subjects:

MARC

Tag First Indicator Second Indicator Subfields
LEADER 00000cam a2200000 a 4500
001 in00000024051
005 20151007055625.0
008 870909s1987 nyu b 00110 eng
010 |a  87025407  
020 |a 0313260044 (lib. bdg. : alk paper) 
035 |a (OCoLC)16758790 
035 |9 AAB8752AM 
040 |a DLC  |c DLC  |d TXA  |d UtOrBLW 
049 |a TXAM  |c [A10937662] 
050 0 0 |a Z5818.L3  |b H58 1987  |a LB1050 
082 0 |a 016.4284  |2 19 
100 1 |a Hladczuk, John. 
245 1 0 |a Comparative reading :  |b an international bibliography /  |c compiled by John Hladczuk and William Eller. 
264 1 |a New York :  |b Greenwood Press,  |c 1987. 
300 |a x, 174 pages ;  |c 25 cm. 
336 |a text  |b txt  |2 rdacontent 
337 |a unmediated  |b n  |2 rdamedia 
338 |a volume  |b nc  |2 rdacarrier 
490 1 |a Bibliographies and indexes in education,  |x 0742-6917 ;  |v no. 4 
500 |a Includes indexes. 
650 0 |a Reading  |v Bibliography. 
700 1 |a Eller, William. 
830 0 |a Bibliographies and indexes in education ;  |v no. 4. 
999 |a MARS 
999 f f |s 0c27e392-b2c3-30b8-b3ee-693ec80ad276  |i 5a250800-b1fd-39cf-b77a-8471c6aa58ac  |t 0 
952 f f |p ric  |a Texas A&M University  |b Rellis Campus  |c Joint Library Facility  |d Remote Storage  |t 0  |e Z5818.L3 H58 1987  |h Library of Congress classification  |i unmediated -- volume  |m A14810937662 
998 f f |a Z5818.L3 H58 1987  |t 0  |l Remote Storage